[Event "Rheinhessen-ch MT"]
[Site "Mainz"]
[Date "2009.04.10"]
[Round "6"]
[White "Sieber, Patrick"]
[Black "Schwenn, Max"]
[Result "1-0"]
[WhiteElo "2220"]
[BlackElo "1850"]
[PlyCount "111"]
[EventDate "2009.04.04"]
[EventType "tourn"]
[EventRounds "7"]
[EventCountry "GER"]
[SourceTitle "EXT 2011"]
[Source "ChessBase"]
[SourceDate "2010.11.26"]
[SourceVersion "1"]
[SourceVersionDate "2010.11.26"]
[SourceQuality "1"]

1. e4 e5 2. Nc3 Nc6 3. Bc4 Nf6 4. d3 Bb4 5. Nge2 Na5 6. a3 Bxc3+ 7. Nxc3 Nxc4 8. dxc4 d6 9. Qd3 Be6 10. f3 Nd7 11. Be3 0-0 12. g4 Nc5 13. Qe2 Qd7 14. b3 b6 15. h4 a6 16. Rd1 f6 17. a4 Nb7 18. h5 Rad8 19. Kf2 Rf7 20. Kg3 Re8 21. Rd2 a5 22. Rdd1 Rff8 23. Qd2 Qc6 24. Qe2 Rd8 25. Kf2 Rde8 26. Ke1 Qd7 27. Kd2 Nd8 28. Kc1 Nc6 29. Qd2 Rd8 30. Ne2 Ne7 31. Ng3 Rb8 32. Nf5 Bxf5 33. gxf5 Kf7 34. Rh3 Rg8 35. Rg1 Qd8 36. Rhg3 Ra8 37. R1g2 c6 38. Qd1 b5 39. cxb5 cxb5 40. axb5 a4 41. b4 a3 42. Kb1 Qc7 43. Qd3 a2+ 44. Ka1 g5 45. hxg6+ hxg6 46. fxg6+ Rxg6 47. Rxg6 Nxg6 48. Bh6 Ne7 49. Qb3+ Ke8 50. Be3 Kd7 51. Rd2 Qb8 52. Bc5 Qh8 53. Rxd6+ Ke8 54. Ra6 Qh1+ 55. Kxa2 Rd8 56. Qe6 1-0

[Event "Rheinhessen-ch MT"]
[Site "Mainz"]
[Date "2009.04.04"]
[Round "1"]
[White "Sulic, Kresimir"]
[Black "Schwenn, Max"]
[Result "1-0"]
[WhiteElo "2110"]
[BlackElo "1850"]
[PlyCount "49"]
[EventDate "2009.04.04"]
[EventType "tourn"]
[EventRounds "7"]
[EventCountry "GER"]
[SourceTitle "EXT 2011"]
[Source "ChessBase"]
[SourceDate "2010.11.26"]
[SourceVersion "1"]
[SourceVersionDate "2010.11.26"]
[SourceQuality "1"]

1. e4 e5 2. f4 exf4 3. Nf3 g5 4. Bc4 Bg7 5. 0-0 d6 6. d4 Nc6 7. c3 Bg4 8. Na3 h6 9. Qa4 Bd7 10. Qc2 Nf6 11. e5 dxe5 12. dxe5 Ng4 13. e6 fxe6 14. Bxf4 0-0 15. Bd2 Qe7 16. b4 a5 17. Qe4 axb4 18. Qxg4 bxa3 19. Bxg5 hxg5 20. Nxg5 Qc5+ 21. Kh1 Rxf1+ 22. Rxf1 Rf8 23. Bxe6+ Rf7 24. Bxf7+ Kf8 25. Be6+ 1-0